[Event "Concordia Rapid 2nd"]
[Site "Concordia"]
[Date "2016.07.10"]
[Round "7"]
[White "Mekhitarian, Krikor Sevag"]
[Black "Perdomo, Leandro Daniel"]
[Result "1-0"]
[WhiteElo "2587"]
[BlackElo "2432"]
[Annotator "Mekhitarian,K"]
[PlyCount "133"]
[EventDate "2016.07.08"]
[EventType "swiss (rapid)"]
[EventRounds "7"]
[EventCountry "BRA"]
[SourceTitle "CBM 174"]
[Source "ChessBase"]
[SourceDate "2016.09.13"]
[SourceVersion "1"]
[SourceVersionDate "2016.09.13"]
[SourceQuality "1"]

1. d4 Nf6 2. Bf4 g6 3. Nc3 $5 {An interesting move. If Black plays 3...d5 now
to avoid e4, then we have a structure that may not be suitable for a King's
Indian player, like my opponent was.} c5 (3... d5 {should be the 'correct'
move, emphasizing the awkward c3-square for the knight (blocking the c2-pawn
that normally is helpful to control the center). Now both 4.e3 and 4.Qd2 are
interesting moves. There is a lot to be studied, but here are some sample
games:} 4. e3 (4. Qd2 a6 $6 5. Nf3 Bg7 6. Bh6 O-O 7. h4 $5 Bxh6 8. Qxh6 Ng4 9.
Qd2 {Now h5 is a serious threat.} h5 10. e4 $1 dxe4 11. Nxe4 Bf5 12. Ng3 e6 13.
O-O-O Qd5 14. Kb1 c5 15. Nxf5 Qxf5 $6 (15... exf5 {was better.}) 16. Bd3 Qf6
17. Ne5 $1 Qxf2 (17... Nxe5 18. dxe5 Qxe5 19. f4 Qf6 20. g4 $1 $40) 18. Qg5
Nxe5 $2 (18... Qf6 {was the last chance:} 19. Nxg4 Qxg5 20. hxg5 hxg4 21. Rh4
Kg7 22. Rdh1 Rg8 23. dxc5 Nd7 24. b4 $14 {followed by Be4.}) 19. dxe5 $18 c4
20. Rhf1 Qc5 21. Bxg6 fxg6 22. Rxf8+ Qxf8 23. Rd8 {1-0 (23) Ivanisevic,I (2643)
-Volokitin,A (2627) Calimanesti 2014}) 4... Bg7 5. Nb5 Na6 6. h3 c6 7. Nc3 Nc7
8. Bd3 Ne6 9. Be5 Nd7 10. Bxg7 Nxg7 11. Nf3 Qb6 12. Rb1 O-O 13. O-O Nf6 14. Re1
Nf5 {Here Berkes chose an original plan with b4-b5. Another sensible option
would be b3 to prepare c4, and probably enjoy a slight advantage for White.}
15. b4 $5 (15. b3 $14) 15... Nd6 16. b5 Qc7 (16... Nfe4 $1 17. Bxe4 (17. bxc6
Qxc6 18. Ne2 f6 $11 {and after ...Bf5/...Rac8, Black seems to have a pleasant
position, putting pressure on the c-file and looking for an advantage already.}
) 17... dxe4 18. Nd2 f5 $13) 17. bxc6 Qxc6 18. Rb3 Qc7 19. Ne5 Be6 20. Ne2 Bd7
21. Nf4 Ba4 22. Rb1 Rac8 $11 {also gave a solid position for Black which he
ended up losing later.} 23. Rc1 Qa5 24. h4 Rc7 25. Qf3 Bxc2 26. Bxc2 Rxc2 27.
Rxc2 Qxe1+ 28. Kh2 Qa5 29. h5 Nde4 30. hxg6 hxg6 31. Qh3 Qa4 32. Nfxg6 Kg7 33.
Nxe7 Nd6 34. Qg3+ {1-0 (34) Berkes,F (2636)-Deac,B (2501) Gjakova 2016}) 4. d5
$5 {A more positional approach, trying to make Black play some sort of Benoni,
but with my pawn still on c2 which is much better in many cases (his bishop is
not that strong since I can play c3 at some point, and also I can use c4 for a
piece now - normally for a knight).} (4. dxc5 {was another way to play the
position, getting some kind of a Sicilian Dragon if Black takes the pawn back
right away:} Qa5 5. Qd2 Qxc5 6. e4 Bg7 {However, White has to be careful not
go into a theoretical position a tempo down (since the g1-knight is normally
on d4 already!).} 7. f3 O-O 8. O-O-O d6 9. Be3 Qa5 10. Bc4 Nc6 11. Nge2 Bd7 12.
Nd4 Ne5 13. Bb3 {has to be good for Black, because in the normal Dragon line
with Qa5-Ne5, White is the one with the move here!} Rfc8 $36) 4... Bg7 5. e4 d6
6. Bb5+ $5 {A typical move in these positions. I would like to force him to
put a piece on d7, disturbing his development.} Bd7 (6... Nbd7 7. a4 a6 8. Bd3
O-O 9. Nf3 Nh5 10. Bg5 Ne5 {A typical Benoni idea to exchange some pieces.} 11.
Be2 Bg4 12. Nxe5 Bxe2 13. Qxe2 Bxe5 14. O-O $14 {also looks confortable for
White, keeping both ideas available (a5-Na4-Rab1-b4 or simply f4 followed by
e5 at some point).}) 7. a4 $1 O-O (7... Bxb5 $6 8. axb5 $14 {is positionally
bad for him, since the queenside counterplay is completely gone now.}) (7... a6
8. Bd3 $1 {This is the idea, now he will have to lose another tempo to develop
his b8-knight.}) 8. Nf3 Nh5 $6 {A weird move I did not understand. Now I
started to feel very comfortable, because later on I will play Be2 and
possibly Nd2, winning a tempo on his h5-knight.} 9. Bg5 {It is normally good
to play Bg5 provoking ...h6, making his kingside slightly more vulnerable.} h6
10. Be3 Na6 11. O-O Nc7 12. Be2 $1 a6 13. Nd2 Nf6 14. a5 {The good thing about
a5 here is that even if Black prepares ...b6 or ...b5 somehow, I can simply
take, play Ra2 to hold b2 and follow with c3, limiting his g7-bishop. Once
again, I will have a splendid c4-square for my knight.} (14. Nc4 $2 b5 $1 $132
{and Black is fine.}) 14... Nb5 15. Na4 $1 {If I manage to play Nb6 followed
by c3, Black will have a horrible position.} Nd4 (15... Qxa5 {doesn't help:}
16. Nxc5 Qc7 17. Nxd7 Nxd7 18. c3 $1 $16 {The key move of the whole system,
now Black loses all the pressure on the queenside (the g7-bishop feels very
passive), not to mention the weird placement of the b5-knight.}) 16. Nb6 (16.
Bd3 $1 {was more precise. At this moment, I did not realize that if he plays ..
.Ng4 I still have Bf4. Now I will simply play Nb6 followed by c3 and can
calmly prepare a plan with f4, for example:} Ng4 17. Nb6 $5 Rb8 (17... Nxe3 $2
{simply loses the exchange after} 18. fxe3 $18) 18. Bf4 $16) 16... Rb8 $6 (
16... Nxe2+ {wouldn't solve all the problems, but was helpful nonetheless:} 17.
Qxe2 Rb8 {White still keeps a comfortable advantage with many interesting
possibilities available, but Black could play ...Be8 followed by ...Nd7,
trying to untangle his pieces slowly. But most important of all, the knight on
d4 that could be a long-term problem is now exchanged, which is always a
relief for Black.} 18. Nxd7 $5 Nxd7 19. Nc4 $14 {followed by c3 and f4, and it
is hard to find an active plan for Black, probably ...f5, but that can also be
problematic because of the e-file.}) 17. Bd3 $1 Ng4 18. Bf4 {The best, but
Ndc4!? was also possible.} (18. Ndc4 $5 {I considered this move for some time,
and it is very interesting, even though it gives away my strong bishop on e3
and also ruins my pawn structure. The thing is that there is no need for that,
18.Bf4 is simply good.} Nxe3 19. fxe3 Nb5 20. Qf3 Nc7 21. Rf2 (21. e5 $5 dxe5
22. e4 $44 {with the threat of Qe3}) 21... Na8 22. Nxd7 Qxd7 23. c3 $14) 18...
e5 19. dxe6 $1 (19. Bg3 {I thought a little bit about maintaining the
strucutre, but I felt like there was no point, since the resulting position in
the game was very easy to play and definitely better for White.} Nb5 20. Ndc4 {
Threatening Nxd7 followed by Nb6.} Nf6 21. f3 {I was slightly worried that
Black might play ...f5 at some point and I don't have a clear plan:} Nh5 22.
Bf2 f5 $132) 19... Bxe6 20. c3 Nc6 21. Ndc4 Nge5 (21... Be5 22. Nxe5 dxe5 23.
Bc1 $16 {is also very good for White.}) 22. Be2 (22. Bxe5 $5 {I did not
consider this move at all} dxe5 (22... Nxe5 23. f4 Nxc4 24. Bxc4 $16 {is a
good example to see how limited the g7-bishop is with the pawn on c3}) 23. Qe2
$16 {looks very unpleasant for Black as well; White is probably going to
follow up with Ne3 and Bc4, exchange the light-squared bishops and start play
in the center.}) 22... Nxc4 23. Nxc4 Bxc4 (23... Ne5 24. Bxe5 dxe5 25. Qc2 $16
{with the same plan of Ne3-Bc4. In case Black takes on c4, this
opposite-colored bishop position is very unpleasant for Black, since his
bishop on g7 is totally out of play.}) 24. Bxc4 Nxa5 {There are many
attractive options for White here, I think 25.Rxa5! is the best.} 25. Be2 $2 {
Based on a miscalculation, I took a step in the wrong direction.} (25. Ba2 $5
Be5 26. Bxh6 Bxh2+ (26... Qh4 $2 27. f4 Qxh6 28. fxe5 $18 {opening the f-file
is deadly for Black.}) 27. Kxh2 Qh4+ 28. Kg1 Qxh6 29. Qxd6 c4 30. Rad1 b5 31.
Bb1 (31. Qxa6 $6 Kg7 $1 $132 {threatening ...Rh8.}) 31... Nb3 32. e5 Rbe8 $1
$13) (25. Bd5 $5 {Also threatening Bxd6 because of the Bxf7+ trick.} Kh7 26.
Rxa5 Qxa5 27. Bxd6 {achieving a big positional advantage with the better
bishop on d5.:} Rbd8 28. Bxf8 Rxf8 29. f4 b5 30. Qf3 c4 31. e5 $14) (25. Rxa5
$1 Qxa5 26. Qxd6 {threatening to take on g6} Kh8 27. Bxf7 Rbc8 $1 28. Bd5 (28.
Qxg6 $2 Rc6 $17 {followed by ...Rf6.}) 28... Kh7 29. g3 $16 {with a dominating
bishop on d5 and good attacking perspectives, White has a big advantage.})
25... Qb6 $1 26. Qa4 Qxb2 $2 (26... Nc6 $1 {We both missed it during the game.}
27. Bxd6 $2 Nd4 $1 {With this important tactical shot, Black is even better:}
28. cxd4 Qxd6 29. dxc5 Qxc5 $15) 27. Ra2 $1 $18 {Now it is simply winning for
White, the black pawns will not compensate the missing piece because they can
not advance easily.} Qxc3 28. Qxa5 Qxa5 29. Rxa5 Rfd8 30. Rd1 $1 Bf8 31. Ra2 g5
32. Be3 (32. Bg3 {kept an eye on d6, but I didn't want to lose sight of the a/
b/c pawns. 32.Be3 is much safer in that respect.}) 32... Ra8 33. Bc4 $1 b5 34.
Bd5 Ra7 35. Rda1 Rb8 36. Rxa6 Rxa6 37. Rxa6 b4 38. Bb3 Rb7 39. Kf1 {The rest
is simple.} Be7 40. Ke2 Kg7 41. Kd3 Rd7 42. Kc4 Bf6 43. f3 Be5 44. g3 Re7 45.
Kd5 f5 46. Bc2 (46. exf5 {was more direct. I was scared of ...Bxg3, but} Bxg3
47. Bxc5 $18 {, among other moves, wins easily:} Re5+ 48. Kxd6 {and there are
no good discovered checks, since the g3-bishop is hanging.}) 46... f4 47. gxf4
gxf4 48. Bf2 c4 {Taking a chance, as the pawn can not be captured.} 49. Ra7 $1
{Finishing it off.} (49. Kxc4 $4 Rc7+ 50. Kd3 b3 $1 $11) 49... Rxa7 50. Bxa7 b3
51. Bd1 {Now it is all over.} b2 52. Bc2 Kf6 53. Kxc4 Kg5 54. Bf2 Kh5 55. Kd5
Kg5 56. Ke6 Kg6 57. Bh4 Kh5 58. Be7 Bd4 59. Kxd6 Bg1 60. h4 Bf2 61. e5 Bxh4 62.
Bxh4 Kxh4 63. e6 Kg3 64. e7 Kxf3 65. e8=Q Kf2 66. Ke5 f3 67. Kf4 1-0

[Event "Abu Dhabi op 23rd"]
[Site "Abu Dhabi"]
[Date "2016.08.21"]
[Round "1"]
[White "Mohota, Nisha"]
[Black "Mekhitarian, Krikor Sevag"]
[Result "0-1"]
[WhiteElo "2257"]
[BlackElo "2550"]
[PlyCount "74"]
[EventDate "2016.08.21"]
[EventType "swiss"]
[EventRounds "9"]
[EventCountry "UAE"]
[SourceTitle "CBM 174 Extra"]
[Source "ChessBase"]
[SourceDate "2016.10.10"]
[SourceVersion "1"]
[SourceVersionDate "2016.10.10"]
[SourceQuality "1"]

1. e4 e5 2. Nf3 Nc6 3. Bc4 Nf6 4. d3 Be7 5. O-O O-O 6. Re1 d6 7. a4 Na5 8. Ba2
c5 9. c3 Nc6 10. Na3 h6 11. Bd2 Re8 12. Nc4 Be6 13. Ne3 Bxa2 14. Rxa2 d5 15.
Nf5 Bf8 16. Qc2 c4 17. dxc4 dxe4 18. Rxe4 Nxe4 19. Qxe4 Qf6 20. b4 Rad8 21. Ra1
Qe6 22. Re1 b6 23. Bc1 Ne7 24. Ng3 Nc8 25. Nf5 Nd6 26. Nxd6 Qxd6 27. h3 Qd3 28.
Kh2 Qxe4 29. Rxe4 Rd1 30. Bf4 f6 31. g4 Rd3 32. Re3 Red8 33. Rxd3 Rxd3 34. Be3
Rxc3 35. a5 Bxb4 36. axb6 axb6 37. Bxb6 Rxf3 0-1

[Event "Abu Dhabi op 23rd"]
[Site "Abu Dhabi"]
[Date "2016.08.22"]
[Round "2"]
[White "Mekhitarian, Krikor Sevag"]
[Black "Sardana, Rishi"]
[Result "1-0"]
[WhiteElo "2550"]
[BlackElo "2403"]
[PlyCount "85"]
[EventDate "2016.08.21"]
[EventType "swiss"]
[EventRounds "9"]
[EventCountry "UAE"]
[SourceTitle "CBM 174 Extra"]
[Source "ChessBase"]
[SourceDate "2016.10.10"]
[SourceVersion "1"]
[SourceVersionDate "2016.10.10"]
[SourceQuality "1"]

1. e4 e5 2. Nf3 Nc6 3. Bc4 Bc5 4. c3 Nf6 5. d3 O-O 6. O-O d6 7. a4 a6 8. Na3 h6
9. Nc2 Ne7 10. Be3 Bxe3 11. Nxe3 Ng6 12. a5 c6 13. Bb3 d5 14. exd5 cxd5 15. d4
e4 16. Ne5 Be6 17. Nxg6 fxg6 18. f3 exf3 19. Rxf3 b6 20. Bc2 Bf7 21. axb6 Qxb6
22. Ra2 Ne4 23. Qe2 Rfe8 24. Bd3 Ng5 25. Rf1 Ra7 26. Qf2 Ne4 27. Bxe4 Rxe4 28.
h3 h5 29. Nc2 a5 30. Ne1 Rae7 31. Nf3 Re2 32. Qg3 R7e3 33. Qf4 Re4 34. Qg3 R4e3
35. Qf4 Re4 36. Qg5 Qf6 37. Rxa5 Rxb2 38. Ra8+ Re8 39. Rxe8+ Bxe8 40. Qxd5+ Bf7
41. Qa8+ Kh7 42. Qa5 Kh6 43. Ne5 1-0

[Event "Abu Dhabi op 23rd"]
[Site "Abu Dhabi"]
[Date "2016.08.23"]
[Round "3"]
[White "Kuzubov, Yuriy"]
[Black "Mekhitarian, Krikor Sevag"]
[Result "1/2-1/2"]
[WhiteElo "2639"]
[BlackElo "2550"]
[Annotator "Mekhitarian,K"]
[PlyCount "105"]
[EventDate "2016.08.21"]
[EventType "swiss"]
[EventRounds "9"]
[EventCountry "UAE"]
[SourceTitle "CBM 175"]
[Source "ChessBase"]
[SourceDate "2016.11.10"]
[SourceVersion "1"]
[SourceVersionDate "2016.11.10"]
[SourceQuality "1"]

1. Nf3 d5 2. g3 Nf6 3. Bg2 g6 4. c4 c6 5. b3 {A very flexible and good plan to
fight against the Grünfeld.} Bg7 6. Bb2 O-O 7. O-O Re8 {A flexible move, if
he plays 8.d3, now I want to play Nbd7 followed by ...e5.} 8. d4 Ne4 $6 (8...
Bf5 $5 9. Nbd2 Nbd7 10. e3 b5 {is an interesting plan.}) 9. Nbd2 Bf5 (9... Nxd2
10. Qxd2 Nd7 11. cxd5 $5 {similar to the game, White gets some initiative on
the queenside.} cxd5 12. Rac1 $14) 10. Nh4 $1 Nxd2 11. Qxd2 {Suddenly Black is
already facing some problems.} Be6 12. Rfc1 (12. f4 $1 $146 Qd7 (12... f5 13.
g4 $1 fxg4 14. f5 gxf5 15. Nxf5 $16) (12... dxc4 $6 13. f5 $1 $16) 13. e4 $5 (
13. f5 {maybe it is too early for this} Bxf5 14. Nxf5 gxf5 15. g4 (15. Bh3 e6
16. g4 fxg4 17. Bxg4 Kh8 {also looks fine for Black}) 15... fxg4 16. Qg5 e6 {
and Black is in time to build a wall on the light squares with the pawns} 17.
Qxg4 f5 $13 {followed by ...Kh8}) (13. Rae1 Na6 14. e4 dxe4 15. Rxe4 Rad8 16.
Nf3 $36) 13... dxe4 14. Bxe4 Bh3 15. Rf2 Na6 16. Nf3 f6 17. Re1 $14 {with good
prospects for White.}) 12... Nd7 13. cxd5 {A typical reaction. After the black
knight develops to d7 or a6, cxd5 is always interesting for White, since c6
would be the ideal square for that knight in this kind of structure.} cxd5 14.
Nf3 Bf5 15. Qb4 Qb6 16. Qxb6 Nxb6 17. Rc7 {White gets a small initiative, but
I was confident I would be able to neutralise it in some moves, since I don't
have any major weaknesses.} Rab8 18. Rac1 Bd7 (18... Na8 $5) 19. R7c5 (19. Ne5
$5 Bxe5 20. dxe5 Bc6 {threatening ...Na8. Here I considered he could prepare
an exchange sacrifice on c6 after I play ...Na8, but I didn't feel like it
would be dangerous for me.} 21. e6 $5 {I missed this idea} (21. Bd4 Na8 22.
R7xc6 bxc6 23. Bxa7 Rb7 24. Bd4 Rc8 $13 {with a complicated endgame, Black has
to spend some moves to bring the a8-N into the game}) 21... f6 (21... Na8 22.
exf7+ Kxf7 23. R1xc6 bxc6 24. Rxc6 (24. Rxa7 Nb6 {threatening ...Ra8} 25. Bd4
Nc8 26. Rc7 Ra8 27. a4 Nd6 28. Rxc6 Ne4 {preparing Rec8}) 24... e6 $11 {
is fine for Black}) 22. Bd4 Na8 23. Rd7 $1 Bxd7 $2 24. exd7 Rf8 25. Bxd5+ Kg7
26. Bxa7 Rbd8 27. Be6 $18) 19... Red8 20. Ne5 Be8 {Now after e6-Bf8, I assumed
I shouldn't have any problems, since I would be bringing my last piece out of
play to help the queenside. The only remaining problem would be the awkward
knight on b6, but it shouldn't be such a big deal.} 21. f4 e6 22. Kf2 Bf8 23.
R5c3 Nc8 $1 24. g4 Nd6 $11 {After bringing my knight to an ideal d6-square, I
knew the position was fine. Anyway, my opponent continued to expand on the
kingside, trying to get some initiative, since I gave him many tempiin order
to re-organise my pieces.} 25. g5 h5 (25... h6 {would be more provocative} 26.
Ng4 hxg5 27. fxg5 Be7 28. h4 Nf5 {I didn't know how to evaluate this} 29. Nf6+
Kf8 $13 {and there are some moves like h5 or Rh1 to keep the position tense.})
26. R3c2 Rdc8 $6 {This helps White to re-gain the initiative by playing e4!
and activating the g2-bishop.} (26... a5 $1 {simply preparing ...a4 and ...Ra8
to create counterplay on the a-file. Naturally, if White himself plays a4,
then I'm ready to play ...b5.} 27. a4 $2 b5 $15) 27. Rxc8 Rxc8 28. Rxc8 Nxc8
29. e4 $1 $36 Nb6 {This is the ideal defence, threatening dxe4 and ...Nd5. The
only problem is to allow 30.f5, but I thought I could handle it.} (29... Ne7 {
wasn't really appealing for me} 30. Ba3 $5 dxe4 31. Bxe4 $5 (31. Bxe7 $5 Bxe7
32. Bxe4 b6 33. Bc6 Kf8 34. Bxe8 Kxe8 35. Ke3 $14 {I wasn't totally sure about
this kind of ending with Ke4 and d5 coming, it has to be slightly worse.} Bd6
36. Ke4 a6) 31... b6 $1 $14 (31... Nd5 $2 32. Bxf8 Kxf8 33. Bxd5 (33. f5 $5 Nc3
34. Bxb7 gxf5 35. a4 $16) 33... exd5 34. f5 $1 $16)) (29... dxe4 30. Bxe4 b6
31. d5 exd5 32. Bxd5 Bc5+ 33. Kf3 Ne7 34. Be4 {I felt like it would be always
somewhat annoying for Black to equalise if he activates everything like this.})
30. f5 $1 Bd6 (30... gxf5 {I didn't want to do this} 31. exf5 exf5 32. a4 $1
$44) 31. fxg6 (31. Bh3 $5 dxe4 (31... exf5 32. exf5 gxf5 33. Bxf5 $14 {would
always be better for White} Kg7) 32. fxg6 (32. fxe6 Nd5 33. exf7+ Bxf7 34. Bg2
e3+ $1 35. Ke1 Nf4 $132) 32... Bxe5 $1 33. dxe5 Nd5 $13 {there a lot to play
for, but Black is activating with ...Bc6 next} 34. gxf7+ Kxf7 35. Bc1 Bc6 36.
Kg3 Bb5 37. g6+ Kxg6 38. Bxe6 Bc6) (31. f6 {had me somewhat worried during the
game} dxe4 32. Bxe4 Nd5 {but Black should be fine after ...Bc6 on the next
move.}) (31. h4 $1) 31... fxg6 32. Bh3 Bf7 $1 (32... Bxe5 $2 33. dxe5 $1 {
now the Bxe6 threat is much more annoying:} (33. Bxe6+ $2 Bf7 34. Bxf7+ Kxf7
35. dxe5 Ke6 36. Ke3 Nd7 37. Kd4 dxe4 38. Kxe4 Nc5+ 39. Kd4 Nd7 $11) 33... Kf7
34. Bd4 $16 {with a horrible endgame for Black.}) 33. Ke3 dxe4 34. Kxe4 Nd5 35.
Bf1 Be8 36. h3 (36. Bc4 Kf8 {I wasn't in the mood to defend d5} (36... Nc7 $5)
37. Bxd5 exd5+ 38. Kxd5 Ke7 39. a4 {to avoid ...Bb5 later, but it doesn't
change the outcome of the game.} Bxe5 40. Kxe5 Bd7 41. Ba3+ Ke8 42. Kd6 Bf5 43.
Kc7 (43. b4 Kd8 $11) 43... Be4 $11 {and White can't make progress.}) 36... Kf8
37. Bd3 (37. Bc4 Ke7 {is slightly unnecessary, but also leads to a draw} (37...
Nc7 $11 {looks solid for Black}) 38. Bxd5 exd5+ 39. Kxd5 Bxe5 40. Ba3+ $5 (40.
Kxe5 Bb5 $11 {followed by Bd3 and Kd7}) 40... Bd6 (40... Kf7 41. Kxe5 h4 42.
Kd6 Bb5 43. d5 Bf1 44. Bc5 Bxh3 45. Kc7 a6) 41. Bxd6+ Kd8 {threatening ...
Bd7-f5 and ...Kd7.} 42. Ke5 (42. Bb8 h4 43. Bxa7 (43. Kd6 Bd7 44. Bc7+ Ke8 45.
Ba5 Bxh3 46. Be1 Bf5 47. Bxh4 Be4 48. d5 Bf3 $11) 43... Bd7 $11) 42... Bb5)
37... Ke7 38. Kf3 Bxe5 39. dxe5 Kf7 $11 {Now the worst is over, and Black has
reached equality.} 40. Bd4 a6 41. Bc5 Bc6 42. Be4 Nc3 (42... Ne7 {was another
way to reach a draw} 43. Bxe7 (43. Bxc6 Nxc6 $11) 43... Bxe4+ 44. Kxe4 Kxe7 45.
Kd4 b6 46. a4 Kd7 $11) 43. Bxc6 bxc6 44. a3 Ke8 45. Ke3 Kd7 46. Kd3 Nd5 47. Kc4
Kc7 48. Bf2 Nf4 49. Be3 Nd5 (49... Nxh3 $4 {would lose easily} 50. b4 Kd7 51.
Kc5 Kc7 52. a4 $18 {followed by the invasion of the white king.}) 50. Bf2 Nf4
51. Be3 Nd5 52. Bf2 Nf4 53. Be3 1/2-1/2

[Event "Abu Dhabi op 23rd"]
[Site "Abu Dhabi"]
[Date "2016.08.24"]
[Round "5"]
[White "Amin, Bassem"]
[Black "Mekhitarian, Krikor Sevag"]
[Result "1-0"]
[WhiteElo "2654"]
[BlackElo "2550"]
[PlyCount "77"]
[EventDate "2016.08.21"]
[EventType "swiss"]
[EventRounds "9"]
[EventCountry "UAE"]
[SourceTitle "CBM 174 Extra"]
[Source "ChessBase"]
[SourceDate "2016.10.10"]
[SourceVersion "1"]
[SourceVersionDate "2016.10.10"]
[SourceQuality "1"]

1. Nf3 c5 2. e4 d6 3. Bb5+ Nd7 4. O-O a6 5. Bd3 b5 6. c4 bxc4 7. Bxc4 e6 8. d4
cxd4 9. Nxd4 Ngf6 10. Nc3 Nb6 11. Bb3 Bd7 12. f4 Be7 13. e5 Nfd5 14. f5 O-O 15.
fxe6 fxe6 16. Rxf8+ Bxf8 17. Nxd5 exd5 18. e6 Be8 19. Qf3 Qf6 20. Qxf6 gxf6 21.
Bf4 Bg6 22. Rc1 Nc4 23. Bxc4 dxc4 24. Rxc4 Be4 25. Rc7 Re8 26. Rd7 f5 27. Bxd6
Bg7 28. Bc5 Bxd4+ 29. Bxd4 Rxe6 30. Rg7+ Kf8 31. Rxh7 Bb1 32. a3 Re2 33. h4 Be4
34. Rg7 Rd2 35. Bc3 Rd1+ 36. Kh2 Rd3 37. Rg6 a5 38. h5 f4 39. Rg4 1-0

[Event "Abu Dhabi op 23rd"]
[Site "Abu Dhabi"]
[Date "2016.08.27"]
[Round "7"]
[White "Mekhitarian, Krikor Sevag"]
[Black "Andriasian, Zaven"]
[Result "1/2-1/2"]
[WhiteElo "2550"]
[BlackElo "2621"]
[PlyCount "66"]
[EventDate "2016.08.21"]
[EventType "swiss"]
[EventRounds "9"]
[EventCountry "UAE"]
[SourceTitle "CBM 174 Extra"]
[Source "ChessBase"]
[SourceDate "2016.10.10"]
[SourceVersion "1"]
[SourceVersionDate "2016.10.10"]
[SourceQuality "1"]

1. d4 Nf6 2. c4 c6 3. Nf3 d5 4. e3 Bg4 5. Qb3 Qb6 6. Nc3 e6 7. Nh4 Bh5 8. h3
Be7 9. g4 Bg6 10. Nxg6 hxg6 11. Bg2 g5 12. O-O Nbd7 13. Rd1 O-O 14. cxd5 exd5
15. e4 Nxe4 16. Nxe4 dxe4 17. Bxe4 Qxb3 18. axb3 Rfd8 19. Be3 Nb6 20. d5 Nxd5
21. Bxd5 Rxd5 22. Rxd5 cxd5 23. Ra5 Rd8 24. Rxa7 Rd7 25. Bd4 f6 26. Kf1 Kf7 27.
Ke2 Ke6 28. Kd3 Bd6 29. Ra8 g6 30. Re8+ Re7 31. Rh8 Rc7 32. Re8+ Re7 33. Rh8
Rc7 1/2-1/2